00895nam a2200217 a 450000100100000000500170001000800410002702000150006804000250008308200180010811100960012624500540022226000800027630000100035649000600036650000360042683000670046204900090052995201220053899900170066000002373620200930022428.0110112s1997 mx a r 000 0 spa d a9686384251 aDO-SdBNPbspacBNPHU axxxxxxbS612m2 aSimposio panamericano de historian(1 :d31 octubre - noviembre de 1988 :cMéxico)94887310aMemorias del I simposio panamericano de historia. aMéxico, D. F. :bInstituto Panamericano de Geografía e Historia,c1997. av. 1.1 aInstituto Panamericano de Geografía e Historia ;v501 aIncluye bibliografía p. [214] 0aInstituto Panamericano de Geografía e Historia ;n501948874 aBNGR 001054708MOaGRbGRcCTd2011-01-12iLF1l0oxxxxxx S612mp23736-10r2020-06-25w2020-06-25y4ZPréstamo en sala c23232d23232